| 000 | 00407 a2200145 4500 | ||
|---|---|---|---|
| 082 | _a297.63 | ||
| 090 |
_c3349 _d3349 |
||
| 100 | _aNadwi, Sayyid Suliman | ||
| 245 |
_aMuhammad: The Ideal Prophet _cSayyid Suliman Nadwi _hBook |
||
| 260 |
_aIslamabad: _bDawah Academy, _c1997. |
||
| 300 |
_a139 p. ; _c24 cm. |
||
| 500 | _aIncludes Index | ||
| 650 | _aMuhammad (P.B.U.H), the Prophet. | ||
| 942 |
_cBK _k297.63 NAD |
||
| 999 |
_c7262 _d7262 |
||